Statistics for Countries of the World by Second Letter - A

Click here to take the quiz!

General Stats

  • This quiz has been taken 2,351 times
    (2,329 since last reset)
  • The average score is 36 of 48

Answer Stats

Answer% Correct
Canada
88%
Bahamas
85%
Latvia
85%
Japan
84%
Panama
84%
Barbados
82%
Kazakhstan
82%
Nauru
82%
Palau
82%
Zambia
82%
Haiti
81%
Mali
81%
Paraguay
80%
Gambia
79%
Jamaica
78%
Laos
77%
Mauritania
77%
Vatican City
77%
Mauritius
76%
Vanuatu
76%
Bahrain
75%
Bangladesh
75%
Malta
75%
Namibia
75%
Pakistan
75%
Malawi
74%
Qatar
74%
Samoa
74%
San Marino
74%
Tajikistan
74%
Cambodia
73%
Madagascar
73%
Malaysia
73%
Saudi Arabia
73%
Saint Lucia
72%
Marshall Islands
71%
Saint Kitts and Nevis
71%
Saint Vincent and the Grenadines
71%
Gabon
70%
Tanzania
70%
Cameroon
69%
Maldives
69%
Taiwan
69%
Papua New Guinea
66%
Macedonia
62%
Cape Verde
61%
São Tomé and Príncipe
61%
East Timor
52%

Score Distribution

Percentile by Number Answered

Percent of People with Each Score

Your Score History

You have not taken this quiz since the last reset